[Event "PlusCity Grand Prix Rapid"]
[Site "Pasching"]
[Date "2025.05.30"]
[Round "3"]
[White "Hacker, Jonas"]
[Black "Vitiugov, Nikita"]
[Result "0-1"]
[WhiteElo "2365"]
[BlackElo "2671"]
[PlyCount "62"]
[EventDate "2025.05.30"]
[EventType "swiss (rapid)"]
[EventRounds "9"]
[EventCountry "AUT"]
[SourceTitle "CB23_2025"]
[SourceDate "2025.06.04"]
[SourceVersion "1"]
[SourceVersionDate "2025.06.04"]
[SourceQuality "1"]

1. e4 e6 2. d4 d5 3. Nd2 c5 4. Ngf3 cxd4 5. Nxd4 Nc6 6. Bb5 Bd7 7. Nxc6 bxc6 8. Bd3 Qc7 9. Qe2 Ne7 10. Nf3 Ng6 11. e5 f6 12. Bxg6+ hxg6 13. h4 g5 14. exf6 gxf6 15. Bd2 g4 16. Nd4 e5 17. 0-0-0 Kf7 18. Nb3 a5 19. Kb1 a4 20. Nc1 Qb7 21. f4 Ba3 22. b3 axb3 23. axb3 Bb4 24. Bxb4 Qxb4 25. Qd2 Qa3 26. Qc3 e4 27. Qb2 Qa5 28. g3 Ra7 29. Rhe1 Rha8 30. Ne2 c5 31. Rxd5 Qxe1+ 0-1

[Event "Titled Tuesday intern op 28th Jan Early"]
[Site "Chess.com INT"]
[Date "2025.01.28"]
[Round "1"]
[White "Haug, Havard"]
[Black "Hacker, Jonas"]
[Result "1/2-1/2"]
[WhiteElo "2340"]
[BlackElo "2391"]
[PlyCount "105"]
[EventDate "2025.01.28"]
[EventType "swiss (blitz)"]
[EventRounds "11"]
[EventCountry "USA"]
[SourceTitle "CB06_2025"]
[SourceDate "2025.02.05"]
[SourceVersion "1"]
[SourceVersionDate "2025.02.05"]
[SourceQuality "1"]

1. d4 d5 2. Nc3 Nf6 3. Bf4 c5 4. e4 Nxe4 5. Nxe4 dxe4 6. dxc5 Qa5+ 7. c3 Qxc5 8. Qa4+ Nc6 9. Qxe4 g6 10. Nf3 Bg7 11. h4 Bxc3+ 12. Bd2 Bxb2 13. Rd1 Bf5 14. Qe3 Qxe3+ 15. Bxe3 Bc3+ 16. Bd2 Bxd2+ 17. Rxd2 0-0 18. Bc4 Na5 19. Bd3 Bxd3 20. Rxd3 Rfd8 21. Re3 e6 22. h5 Rac8 23. 0-0 Nc4 24. Rc3 b5 25. hxg6 hxg6 26. Rfc1 Rd5 27. a4 a6 28. axb5 axb5 29. Ra1 Rc7 30. g3 Kg7 31. Kg2 Rf5 32. Rb3 Rd5 33. Rab1 Rcc5 34. Ra1 g5 35. Ra7 Nd2 36. Nxd2 Rxd2 37. Rf3 Rf5 38. Rxf5 exf5 39. Rb7 Rd5 40. Kf3 Re5 41. Rb6 f6 42. Rb8 Kg6 43. Kg2 g4 44. f4 Re2+ 45. Kf1 Rb2 46. Rb7 b4 47. Kg1 b3 48. Kf1 Rb1+ 49. Kg2 Kh6 50. Kh2 Kg6 51. Kg2 Kh6 52. Kf2 Kg6 53. Kg2 1/2-1/2

[Event "Titled Tuesday intern op 07th Jan Early"]
[Site "Chess.com INT"]
[Date "2025.01.07"]
[Round "3"]
[White "Hacker, Jonas"]
[Black "Abrashkin, Boris Vladimirovich"]
[Result "1-0"]
[WhiteElo "2391"]
[BlackElo "2407"]
[PlyCount "57"]
[EventDate "2025.01.07"]
[EventType "swiss (blitz)"]
[EventRounds "11"]
[EventCountry "USA"]
[SourceTitle "CB03_2025"]
[SourceDate "2025.01.15"]
[SourceVersion "1"]
[SourceVersionDate "2025.01.15"]
[SourceQuality "1"]

1. d4 Nf6 2. c4 c5 3. e3 g6 4. Nc3 Bg7 5. Nf3 0-0 6. Be2 d6 7. 0-0 Nc6 8. d5 Na5 9. h3 a6 10. e4 b5 11. cxb5 axb5 12. Bxb5 Qb6 13. a4 Ne8 14. Bg5 Ra7 15. Qc2 f5 16. Rfe1 f4 17. e5 Bf5 18. Qd1 dxe5 19. Nxe5 Nd6 20. Nc6 f3 21. g4 Bc8 22. Bxe7 Nxb5 23. axb5 Rxe7 24. Rxe7 Nxc6 25. dxc6 Bd4 26. Qb3+ Kh8 27. Raa7 Bxf2+ 28. Kf1 Rf6 29. Rxh7# 1-0

[Event "AUT-chT 2425"]
[Site "Austria"]
[Date "2024.10.12"]
[Round "4.3"]
[White "Hacker, Jonas"]
[Black "Koellner, Ruben Gideon"]
[Result "1/2-1/2"]
[WhiteElo "2385"]
[BlackElo "2480"]
[PlyCount "61"]
[EventDate "2024.10.09"]
[EventType "team-tourn"]
[EventRounds "11"]
[EventCountry "AUT"]
[SourceTitle "CB42_2024"]
[Source "ChessBase"]
[SourceDate "2024.10.16"]
[SourceVersion "1"]
[SourceVersionDate "2024.10.16"]
[SourceQuality "1"]
[WhiteTeam "Salzburg Royal"]
[BlackTeam "St Veit"]
[WhiteTeamCountry "AUT"]
[BlackTeamCountry "AUT"]

1. d4 d5 2. c4 e6 3. Nf3 Nf6 4. Nc3 Be7 5. Bf4 0-0 6. e3 b6 7. cxd5 Nxd5 8. Nxd5 Qxd5 9. a3 c5 10. dxc5 Qxc5 11. Rc1 Qa5+ 12. Qd2 Qxd2+ 13. Nxd2 Na6 14. b4 Bb7 15. Bd3 Rac8 16. Ke2 g5 17. Be5 f6 18. Bb2 Rxc1 19. Rxc1 Rc8 20. Rxc8+ Bxc8 21. f4 gxf4 22. exf4 Nc7 23. g3 Bb7 24. Nf3 Bd5 25. Nd4 h6 26. Nb5 Nxb5 27. Bxb5 Kf7 28. Ke3 Bd6 29. Bd3 Ke7 30. Bc3 a5 31. bxa5 1/2-1/2

[Event "AUT-chT 2425"]
[Site "Austria"]
[Date "2024.10.09"]
[Round "1.2"]
[White "Krivoborodov, Egor"]
[Black "Hacker, Jonas"]
[Result "1/2-1/2"]
[WhiteElo "2555"]
[BlackElo "2385"]
[PlyCount "153"]
[EventDate "2024.10.09"]
[EventType "team-tourn"]
[EventRounds "11"]
[EventCountry "AUT"]
[SourceTitle "CB42_2024"]
[Source "ChessBase"]
[SourceDate "2024.10.16"]
[SourceVersion "1"]
[SourceVersionDate "2024.10.16"]
[SourceQuality "1"]
[WhiteTeam "Frauental"]
[BlackTeam "Salzburg Royal"]
[WhiteTeamCountry "AUT"]
[BlackTeamCountry "AUT"]

1. d4 Nf6 2. Nc3 d5 3. Bf4 c5 4. e4 Nxe4 5. Nxe4 dxe4 6. dxc5 Qa5+ 7. c3 Qxc5 8. Qa4+ Nc6 9. Qxe4 Bf5 10. Qc4 e5 11. Be3 Qa5 12. Nf3 Be6 13. Qb5 Qxb5 14. Bxb5 f6 15. Nd2 Kf7 16. 0-0-0 Be7 17. Nb3 Rac8 18. Kb1 a6 19. Be2 Rhd8 20. Nc5 Bxc5 21. Bxc5 Rd5 22. b4 Rcd8 23. Rxd5 Bxd5 24. f3 Bxa2+ 25. Kc2 Be6 26. Bb6 Rd6 27. Bc5 Rd7 28. Be3 Ne7 29. c4 Nf5 30. Bc5 Nd4+ 31. Bxd4 Rxd4 32. Kc3 g5 33. h3 h5 34. Bd3 Ke7 35. Ra1 Kd7 36. Ra5 Rd6 37. c5 Rd4 38. b5 axb5 39. Rxb5 Bd5 40. Rb6 Bc6 41. Bb5 Kc7 42. Bxc6 bxc6 43. Ra6 Kd7 44. Rb6 Ra4 45. Rb2 Rd4 46. Rb6 h4 47. Ra6 Rd5 48. Kc4 Rd2 49. Kb4 Rb2+ 50. Kc4 Rxg2 51. Ra7+ Ke6 52. Rc7 Rf2 53. Rxc6+ Kf5 54. Rd6 Rxf3 55. Rd1 Ra3 56. c6 Ra8 57. Kc5 e4 58. c7 Rc8 59. Kd6 e3 60. Rf1+ Ke4 61. Rxf6 e2 62. Kd7 Rxc7+ 63. Kxc7 Ke3 64. Re6+ Kf2 65. Rf6+ Kg2 66. Re6 Kxh3 67. Re3+ Kg2 68. Rxe2+ Kf3 69. Rh2 Kg3 70. Ra2 h3 71. Kd6 h2 72. Ra1 Kf4 73. Rh1 Kg3 74. Ke5 Kg2 75. Rxh2+ Kxh2 76. Kf5 Kg3 77. Kxg5 1/2-1/2

[Event "Bamberg op 6th"]
[Site "Bamberg"]
[Date "2024.09.06"]
[Round "4"]
[White "Hacker, Jonas"]
[Black "Lupor, Andre"]
[Result "1/2-1/2"]
[WhiteElo "2387"]
[BlackElo "2263"]
[PlyCount "65"]
[EventDate "2024.09.04"]
[EventType "swiss"]
[EventRounds "7"]
[EventCountry "GER"]
[SourceTitle "EXT 2025"]
[Source "ChessBase"]
[SourceDate "2024.10.14"]
[SourceVersion "1"]
[SourceVersionDate "2024.10.14"]
[SourceQuality "1"]

1. d4 Nf6 2. c4 g6 3. Nc3 d5 4. Nf3 Bg7 5. Qb3 dxc4 6. Qxc4 0-0 7. e4 Nc6 8. Be2 e5 9. d5 Nd4 10. Nxd4 exd4 11. Qxd4 c6 12. Qc4 b5 13. Qxc6 Bd7 14. Qd6 Re8 15. e5 Ng4 16. e6 fxe6 17. h3 Ne5 18. 0-0 Nf7 19. Qf4 Be5 20. Qd2 b4 21. Ne4 exd5 22. Nc5 Bf5 23. Bf3 Qb6 24. Nd3 Bg7 25. Nxb4 Rad8 26. Nd3 Qd4 27. Nf4 Qxd2 28. Bxd2 Bxb2 29. Rae1 d4 30. Ba5 Rb8 31. Nd5 Kg7 32. Bc7 Rbc8 33. g4 1/2-1/2

[Event "Bamberg op 6th"]
[Site "Bamberg"]
[Date "2024.09.05"]
[Round "3"]
[White "Hoffmann, Sebastian1"]
[Black "Hacker, Jonas"]
[Result "0-1"]
[WhiteElo "2190"]
[BlackElo "2387"]
[PlyCount "48"]
[EventDate "2024.09.04"]
[EventType "swiss"]
[EventRounds "7"]
[EventCountry "GER"]
[SourceTitle "EXT 2025"]
[Source "ChessBase"]
[SourceDate "2024.10.14"]
[SourceVersion "1"]
[SourceVersionDate "2024.10.14"]
[SourceQuality "1"]

1. d4 Nf6 2. c4 e6 3. Nc3 Bb4 4. e3 0-0 5. Nge2 d5 6. a3 Be7 7. Nf4 c6 8. cxd5 exd5 9. Bd3 Bd6 10. Nh5 Nbd7 11. Ng3 Re8 12. 0-0 a5 13. Qc2 h5 14. f3 Qc7 15. e4 h4 16. Nf5 Bxh2+ 17. Kh1 Nh5 18. e5 Bxe5 19. dxe5 Nxe5 20. Nxh4 Nxd3 21. Qxd3 Qe7 22. Kg1 Qxh4 23. Bd2 Ng3 24. Rfe1 Bf5 0-1

[Event "Bamberg op 6th"]
[Site "Bamberg"]
[Date "2024.09.04"]
[Round "1"]
[White "Kauth, Lukas Michael"]
[Black "Hacker, Jonas"]
[Result "0-1"]
[WhiteElo "1988"]
[BlackElo "2387"]
[PlyCount "84"]
[EventDate "2024.09.04"]
[EventType "swiss"]
[EventRounds "7"]
[EventCountry "GER"]
[SourceTitle "EXT 2025"]
[Source "ChessBase"]
[SourceDate "2024.10.14"]
[SourceVersion "1"]
[SourceVersionDate "2024.10.14"]
[SourceQuality "1"]

1. e4 c5 2. Nf3 e6 3. b3 b6 4. d4 cxd4 5. Nxd4 Bb7 6. Bd3 Qf6 7. c3 Nc6 8. Nf3 Ne5 9. 0-0 Nxf3+ 10. Qxf3 Qxf3 11. gxf3 Ne7 12. Na3 Nc6 13. Nb5 Rc8 14. Bf4 e5 15. Nxa7 Nxa7 16. Bxe5 f6 17. Bd4 Bc5 18. Rfc1 Ke7 19. Bxc5+ Rxc5 20. b4 Rc7 21. b5 Rhc8 22. c4 Nxb5 23. Rab1 Nd4 24. Kg2 Rc5 25. Rxb6 Bc6 26. f4 Ra8 27. Rb2 Ra3 28. Rd1 Rxd3 29. Rxd3 Bxe4+ 30. f3 Bxd3 31. Rd2 Ne6 32. Rxd3 Nxf4+ 33. Kh1 Nxd3 34. Kg1 Rxc4 35. Kf1 Rc2 36. Kg1 Ke6 37. Kh1 Kf5 38. Kg1 Kf4 39. Kh1 Kxf3 40. h4 Kg3 41. a4 Rg2 42. h5 Nf2# 0-1

[Event "Copenhagen CC GM"]
[Site "Ballerup"]
[Date "2024.08.11"]
[Round "8"]
[White "Hacker, Jonas"]
[Black "Jacobsen, Mikkel Manosri"]
[Result "1-0"]
[WhiteElo "2380"]
[BlackElo "2276"]
[PlyCount "121"]
[EventDate "2024.08.07"]
[EventType "tourn"]
[EventRounds "9"]
[EventCountry "DEN"]
[EventCategory "6"]
[SourceTitle "CBM 221 Extra"]
[Source "ChessBase"]
[SourceDate "2024.09.30"]
[SourceVersion "1"]
[SourceVersionDate "2024.09.30"]
[SourceQuality "1"]

1. d4 d5 2. c4 c6 3. Nc3 Nf6 4. e3 a6 5. Nf3 e6 6. b3 Bb4 7. Bd2 Nbd7 8. Bd3 Qe7 9. 0-0 0-0 10. Qc2 e5 11. dxe5 Nxe5 12. Nxe5 Qxe5 13. Nxd5 Nxd5 14. cxd5 Bxd2 15. Qxd2 Qxd5 16. Qc2 g6 17. Rfd1 Qe5 18. Be4 Bg4 19. Re1 Rad8 20. h3 Be6 21. Rad1 Qa5 22. Rf1 Rxd1 23. Rxd1 Rd8 24. Rxd8+ Qxd8 25. Kh2 Qd6+ 26. g3 a5 27. h4 a4 28. bxa4 Qa3 29. h5 Qxa2 30. Qxa2 Bxa2 31. a5 Bc4 32. h6 f5 33. Bc2 Kf7 34. e4 fxe4 35. Bxe4 Be6 36. f4 Bf5 37. Bf3 Bd3 38. Kg1 g5 39. fxg5 Kg6 40. Kf2 Kxg5 41. Ke3 Ba6 42. Kd4 Kxh6 43. Kc5 Kg5 44. Kb6 h5 45. Bxc6 Kg4 46. Bxb7 Be2 47. Ba6 Bf3 48. Bc8+ Kxg3 49. a6 h4 50. Bb7 h3 51. Bxf3 Kxf3 52. a7 Kg2 53. a8Q+ Kg1 54. Qa1+ Kg2 55. Qb2+ Kg1 56. Qc1+ Kg2 57. Qd2+ Kg1 58. Qe1+ Kg2 59. Qe2+ Kh1 60. Qf2 h2 61. Qf1# 1-0

[Event "Copenhagen CC GM"]
[Site "Ballerup"]
[Date "2024.08.09"]
[Round "4"]
[White "Hacker, Jonas"]
[Black "Kunin, Vitaly L"]
[Result "0-1"]
[WhiteElo "2380"]
[BlackElo "2523"]
[PlyCount "68"]
[EventDate "2024.08.07"]
[EventType "tourn"]
[EventRounds "9"]
[EventCountry "DEN"]
[EventCategory "6"]
[SourceTitle "CBM 221 Extra"]
[Source "ChessBase"]
[SourceDate "2024.09.30"]
[SourceVersion "1"]
[SourceVersionDate "2024.09.30"]
[SourceQuality "1"]

1. d4 Nf6 2. c4 e6 3. Nf3 b6 4. g3 Bb4+ 5. Bd2 Be7 6. Nc3 Ba6 7. e4 0-0 8. Qc2 d5 9. e5 Ne8 10. cxd5 Bxf1 11. Kxf1 exd5 12. Kg2 c6 13. h4 f6 14. exf6 Nxf6 15. Ng5 Re8 16. Rae1 Nbd7 17. Ne2 Qc8 18. Nf4 Nf8 19. Nfe6 Qd7 20. Nxf8 Bxf8 21. Bf4 g6 22. Be5 Nh5 23. f3 Bd6 24. Re2 Bxe5 25. dxe5 Ng7 26. Rd1 Re7 27. Ne4 Nh5 28. Nd6 Rf8 29. Qd3 Re6 30. Rde1 Qe7 31. b4 Qxh4 32. f4 Nxf4+ 33. gxf4 Rxf4 34. Qh3 Qg5+ 0-1

[Event "Copenhagen CC GM"]
[Site "Ballerup"]
[Date "2024.08.08"]
[Round "3"]
[White "Haubro, Martin"]
[Black "Hacker, Jonas"]
[Result "0-1"]
[WhiteElo "2390"]
[BlackElo "2380"]
[PlyCount "106"]
[EventDate "2024.08.07"]
[EventType "tourn"]
[EventRounds "9"]
[EventCountry "DEN"]
[EventCategory "6"]
[SourceTitle "CBM 221 Extra"]
[Source "ChessBase"]
[SourceDate "2024.09.30"]
[SourceVersion "1"]
[SourceVersionDate "2024.09.30"]
[SourceQuality "1"]

1. e4 c6 2. d4 d5 3. e5 c5 4. Nf3 cxd4 5. Qxd4 Nc6 6. Qf4 g6 7. Nc3 Bg7 8. Bb5 a6 9. Bxc6+ bxc6 10. Be3 Nh6 11. 0-0 0-0 12. Rfe1 Rb8 13. Na4 Nf5 14. Bc5 Bh6 15. Qg4 Ne3 16. Qh4 Nf5 17. Qh3 Bg7 18. g4 Nh6 19. Qh4 Bxg4 20. Nd4 Rb7 21. b3 Qc7 22. c3 Bc8 23. f4 Nf5 24. Qf2 Nxd4 25. cxd4 Bf5 26. Ba3 Rb5 27. Rac1 Rc8 28. Nc3 Qd7 29. Nxb5 axb5 30. Bc5 Be4 31. a4 h5 32. axb5 cxb5 33. Ra1 Rc7 34. Ra5 Kh7 35. Qh4 Bh6 36. Rf1 Rb7 37. Rf2 Qf5 38. b4 Kg7 39. Ra8 f6 40. Ra6 fxe5 41. dxe5 d4 42. Bxe7 Kh7 43. Bc5 Bd5 44. Re2 Bxf4 45. Rf6 Qd3 46. Qe1 Qf3 47. Qf1 Be3+ 48. Rxe3 Qxe3+ 49. Qf2 Qc1+ 50. Qf1 Qe3+ 51. Qf2 Qc1+ 52. Qf1 Qg5+ 53. Kf2 Qe3# 0-1

[Event "Karlsruhe Grenke op"]
[Site "Karlsruhe"]
[Date "2024.04.01"]
[Round "8"]
[White "Hacker, Jonas"]
[Black "Vyval, Volodymyr"]
[Result "1/2-1/2"]
[WhiteElo "2399"]
[BlackElo "2279"]
[PlyCount "55"]
[EventDate "2024.03.28"]
[EventType "swiss"]
[EventRounds "9"]
[EventCountry "GER"]
[SourceTitle "EXT 2025"]
[Source "ChessBase"]
[SourceDate "2024.10.14"]
[SourceVersion "1"]
[SourceVersionDate "2024.10.14"]
[SourceQuality "1"]

1. e4 e6 2. d4 d5 3. Nc3 dxe4 4. Nxe4 Nf6 5. Nxf6+ Qxf6 6. Nf3 h6 7. Bd3 Bd6 8. Qe2 Nc6 9. c3 Bd7 10. Be3 0-0-0 11. 0-0-0 Kb8 12. Nd2 Qe7 13. h4 Rhe8 14. f4 Qf8 15. Nc4 Ne7 16. Ne5 f5 17. Bc4 Ng8 18. Bf2 Nf6 19. h5 Qg8 20. Bh4 Re7 21. Ng6 Ree8 22. Rhe1 Rc8 23. Ne5 Bxe5 24. dxe5 Nd5 25. g3 Qf7 26. Bb3 Bc6 27. Rd2 Ka8 28. Red1 1/2-1/2

[Event "BL2-Sued 2324"]
[Site "Germany"]
[Date "2024.03.16"]
[Round "9.3"]
[White "Hacker, Jonas"]
[Black "Faerber, David"]
[Result "1/2-1/2"]
[WhiteElo "2400"]
[BlackElo "2375"]
[PlyCount "156"]
[EventDate "2023.10.21"]
[EventType "team-tourn"]
[EventRounds "10"]
[EventCountry "GER"]
[SourceTitle "EXT 2025"]
[Source "ChessBase"]
[SourceDate "2024.10.14"]
[SourceVersion "1"]
[SourceVersionDate "2024.10.14"]
[SourceQuality "1"]
[WhiteTeam "Eppingen"]
[BlackTeam "Walldorf"]
[WhiteTeamCountry "GER"]
[BlackTeamCountry "GER"]

1. e4 e5 2. Nf3 Nc6 3. Bc4 Nf6 4. Ng5 d5 5. exd5 Na5 6. Bb5+ c6 7. dxc6 bxc6 8. Bd3 Nd5 9. Nf3 Bd6 10. 0-0 0-0 11. Re1 f5 12. Nxe5 Qf6 13. Nf3 g5 14. c4 Nf4 15. Bf1 g4 16. d4 gxf3 17. Qxf3 Ne6 18. Qc3 Nxd4 19. c5 Be5 20. Qxa5 f4 21. Nd2 Bf5 22. Nc4 Nf3+ 23. Kh1 Nxe1 24. Qxe1 Rae8 25. Nxe5 Rxe5 26. Qc3 f3 27. Bg5 Qh8 28. Qxf3 Be4 29. Qg3 Qg7 30. Be3 Qxg3 31. hxg3 Rd8 32. Be2 Bd3 33. Bf3 Be4 34. Be2 Bd3 35. Bd1 Bc4 36. Bf3 Bd5 37. Be2 Rb8 38. b3 Rbe8 39. Rc1 Rxe3 40. fxe3 Rxe3 41. Bc4 Bxc4 42. Rxc4 Rxg3 43. Ra4 Rg5 44. Ra5 Rg7 45. Kh2 h6 46. Kh3 Kh7 47. Ra6 Rc7 48. Ra4 Kg6 49. Rd4 Kg5 50. Rd8 Re7 51. Rg8+ Kf5 52. Rc8 Re2 53. Rxc6 Rxa2 54. Rxh6 Rb2 55. g4+ Kg5 56. Rh5+ Kg6 57. Rd5 Rxb3+ 58. Kh4 Rc3 59. Rd6+ Kf7 60. Rc6 a5 61. g5 a4 62. g6+ Kg7 63. Kg5 a3 64. Rc7+ Kg8 65. Kf6 Rf3+ 66. Ke5 a2 67. Ra7 Rf2 68. Kd4 Rc2 69. Kd5 Rd2+ 70. Ke4 Re2+ 71. Kd4 Kf8 72. Kd5 Rd2+ 73. Kc6 Rc2 74. Rf7+ Kg8 75. Ra7 Kf8 76. Kd6 Rd2+ 77. Kc7 Kg7 78. Ra6 Rc2 1/2-1/2

[Event "AUT-chT2W 2324"]
[Site "Austria"]
[Date "2024.01.21"]
[Round "8.1"]
[White "Hacker, Jonas"]
[Black "Petrov, Marian"]
[Result "0-1"]
[WhiteElo "2400"]
[BlackElo "2446"]
[PlyCount "104"]
[EventDate "2023.09.29"]
[EventType "team-tourn"]
[EventRounds "11"]
[EventCountry "AUT"]
[SourceTitle "EXT 2025"]
[Source "ChessBase"]
[SourceDate "2024.10.14"]
[SourceVersion "1"]
[SourceVersionDate "2024.10.14"]
[SourceQuality "1"]
[WhiteTeam "Salzburg Royal"]
[BlackTeam "Lustenau"]
[WhiteTeamCountry "AUT"]
[BlackTeamCountry "AUT"]

1. e4 c5 2. Nf3 Nc6 3. Bb5 g6 4. 0-0 Bg7 5. c3 Nf6 6. Re1 0-0 7. d4 d5 8. e5 Ne4 9. Bxc6 bxc6 10. Be3 Qb6 11. Qc1 cxd4 12. cxd4 f6 13. Nc3 Bf5 14. h3 Rfc8 15. exf6 exf6 16. Nxe4 dxe4 17. Bh6 c5 18. Bxg7 Kxg7 19. Qf4 Qb8 20. Qh4 Re8 21. Nd2 g5 22. Qh5 cxd4 23. b3 Qb4 24. Nf1 Bg6 25. Qg4 h5 26. Qe2 Rac8 27. Rac1 f5 28. Qa6 Rxc1 29. Rxc1 Qb6 30. Qe2 f4 31. Kh1 d3 32. Qb2+ Qf6 33. Qd2 Qe5 34. Re1 Rc8 35. Rc1 Rxc1 36. Qxc1 h4 37. Kg1 Qd4 38. Qc7+ Bf7 39. Qe7 Kg6 40. Nd2 e3 41. Nf3 Qa1+ 42. Kh2 Qf6 43. Qe4+ Kh6 44. fxe3 Bg6 45. Qd4 Qxd4 46. exd4 Bh5 47. Nd2 Kg6 48. Kg1 Kf5 49. Kf2 Bf7 50. a3 Bd5 51. b4 Bc6 52. Kf1 Ke6 0-1

[Event "AUT-chT2W 2324"]
[Site "Austria"]
[Date "2024.01.19"]
[Round "6.1"]
[White "Hacker, Jonas"]
[Black "Feistauer, Dirk"]
[Result "1-0"]
[WhiteElo "2400"]
[BlackElo "1954"]
[PlyCount "77"]
[EventDate "2023.09.29"]
[EventType "team-tourn"]
[EventRounds "11"]
[EventCountry "AUT"]
[SourceTitle "EXT 2025"]
[Source "ChessBase"]
[SourceDate "2024.10.14"]
[SourceVersion "1"]
[SourceVersionDate "2024.10.14"]
[SourceQuality "1"]
[WhiteTeam "Salzburg Royal"]
[BlackTeam "Bregenz"]
[WhiteTeamCountry "AUT"]
[BlackTeamCountry "AUT"]

1. e4 e6 2. d4 d5 3. Nd2 Nf6 4. e5 Nfd7 5. Bd3 c5 6. c3 Nc6 7. Ne2 cxd4 8. cxd4 f6 9. exf6 Nxf6 10. Nf3 Bd6 11. 0-0 Qc7 12. Nc3 a6 13. Bg5 0-0 14. Rc1 Bd7 15. Re1 Rae8 16. Na4 Ng4 17. g3 h6 18. Be3 Rf6 19. Bf1 Ref8 20. Bg2 Nxe3 21. Rxe3 Be8 22. Nc5 Bxc5 23. Rxc5 Bh5 24. h3 Bxf3 25. Rxf3 Rxf3 26. Bxf3 Qb6 27. Bg4 Rf6 28. Qd2 Kf8 29. a3 a5 30. Bd1 Ke7 31. Ba4 Kd6 32. Bxc6 bxc6 33. Rxa5 e5 34. dxe5+ Kxe5 35. Ra8 Rf3 36. Kg2 Rb3 37. Qf4+ Ke6 38. Re8+ Kd7 39. Qf7+ 1-0

[Event "BL2-Sued 2324"]
[Site "Germany"]
[Date "2023.10.20"]
[Round "8.3"]
[White "Iermito, Sebastian"]
[Black "Hacker, Jonas"]
[Result "1-0"]
[WhiteElo "2504"]
[BlackElo "2400"]
[PlyCount "115"]
[EventDate "2023.10.21"]
[EventType "team-tourn"]
[EventRounds "10"]
[EventCountry "GER"]
[SourceTitle "EXT 2025"]
[Source "ChessBase"]
[SourceDate "2024.10.14"]
[SourceVersion "1"]
[SourceVersionDate "2024.10.14"]
[SourceQuality "1"]
[WhiteTeam "Schoenaich"]
[BlackTeam "Eppingen"]
[WhiteTeamCountry "GER"]
[BlackTeamCountry "GER"]

1. Nf3 d5 2. g3 Bg4 3. Bg2 c6 4. 0-0 Nd7 5. d4 Ngf6 6. h3 Bh5 7. c4 e6 8. Qb3 Qb6 9. Nc3 Be7 10. Nh4 0-0 11. g4 Bg6 12. Nxg6 hxg6 13. Rd1 Qa6 14. cxd5 exd5 15. g5 Ne8 16. e4 dxe4 17. Bxe4 Qb6 18. d5 c5 19. d6 Nxd6 20. Bxb7 Rab8 21. Qxb6 Nxb6 22. Bg2 Nf5 23. Bf4 Rbd8 24. Nb5 a6 25. Na7 Bd6 26. Nc6 Rd7 27. Bxd6 Rxd6 28. Ne7+ Kh7 29. Nxf5 Rxd1+ 30. Rxd1 gxf5 31. Bf1 c4 32. Rd6 Rb8 33. Rc6 Rb7 34. h4 g6 35. Bg2 Rb8 36. Rc7 Kg8 37. Bc6 Rd8 38. a4 a5 39. Bb5 Rd4 40. Rc6 Nd5 41. Bxc4 Ne7 42. Rc5 f4 43. b3 f3 44. Rxa5 Rg4+ 45. Kf1 Nc6 46. Rc5 Rxh4 47. Ke1 Re4+ 48. Kd2 Ne5 49. a5 Nxc4+ 50. Rxc4 Re2+ 51. Kc3 Rxf2 52. Rf4 f5 53. b4 Kf7 54. b5 Ke6 55. b6 Ke7 56. a6 Ra2 57. b7 Kd7 58. Rc4 1-0